header

Conservative thinkers (Record no. 55761)

MARC details
000 -LEADER
fixed length control field 01225nam a2200301 a 4500
100 1# - MAIN ENTRY--AUTHOR NAME
Personal name Garnett, Mark.
245 10 - TITLE STATEMENT
Title Conservative thinkers
260 ## - PUBLICATION, DISTRIBUTION, ETC. (IMPRINT)
Place of publication Manchester :
Name of publisher Manchester University Press,
Year of publication 2009.
300 ## - PHYSICAL DESCRIPTION
Number of Pages 194 p.
650 #0 - SUBJECT ADDED ENTRY--TOPICAL TERM
Topical Term Political science.
Topical Term Political culture.
700 1# - ADDED ENTRY--PERSONAL NAME
Personal name Hickson, Kevin.
856 40 - ELECTRONIC LOCATION AND ACCESS
Uniform Resource Identifier http://site.ebrary.com/lib/rucke/Doc?id=10623244

No items available.

© 2026 Rongo University
Contact us: librarian | system librarian | Rongo university